|
|
|
|
| LEADER |
00000nam0a2200000 4500 |
| 001 |
103055 |
| 005 |
20231101214449.0 |
| 035 |
|
|
|a (RuTPU)RU\TPU\book\111112
|
| 090 |
|
|
|a 103055
|
| 100 |
|
|
|a 20061011d1987 k y0rusy50 ca
|
| 101 |
0 |
|
|a rus
|
| 102 |
|
|
|a RU
|
| 105 |
|
|
|a a z 001zy
|
| 200 |
1 |
|
|a Лазеры на парах металлов и их галогенидов
|f Академия наук СССР, Физический институт им. П. Н. Лебедева ; под ред. Н. Г. Басова
|
| 210 |
|
|
|a Москва
|c Наука
|d 1987
|
| 215 |
|
|
|a 193 с.
|c ил.
|
| 225 |
1 |
|
|a Труды физического института им. П. Н. Лебедева (ФИАН)
|v Т. 181
|
| 320 |
|
|
|a Библиография в конце статей
|
| 610 |
1 |
|
|a генераторы квантовые
|
| 610 |
1 |
|
|a лазеры
|
| 610 |
1 |
|
|a пары металлов
|
| 610 |
1 |
|
|a галогениды
|
| 610 |
1 |
|
|a питание
|
| 675 |
|
|
|a 621.373.8
|v 3
|
| 702 |
|
1 |
|a Басов
|b Н. Г.
|4 340
|
| 712 |
0 |
2 |
|a Академия наук СССР
|b Физический институт им. П. Н. Лебедева
|c (Москва)
|2 stltpush
|3 (RuTPU)RU\TPU\col\13766
|9 25779
|
| 801 |
|
1 |
|a RU
|b 63413507
|c 20061011
|g PSBO
|
| 801 |
|
2 |
|a RU
|b 63413507
|c 20210722
|g PSBO
|
| 942 |
|
|
|c BK
|